000 01084cam a22002651i 4500
003 SA-RiAUC
005 20251030124023.0
008 251016s1989 ||| g i000 0 ara c
040 _aJO-MaAABU
_bara
_cSA-RiAUC
_erda
050 0 _bN3446. 1989
082 0 4 _a214.37
090 _a214.37
_bن ج ا
100 1 _aالنجار، زغلول راغب محمد،
_d1933-
_eمؤلف.
245 1 0 _aأزمة التعليم المعاصر وحلولها الإسلامية /
_cزغلول راغب محمد النجار.
264 1 _a[مكان النشر غير محدد] :
_bالمعهد العالمي للفكر الإسلامي،
_c1989
300 _a252 صفحة.؛
_c18 سم.
336 _aنص
_btxt
_2rdacontent
_3كتاب
337 _aبدون وسيط
_bn
_2rdamedia
338 _aمجلد
_bnc
_2rdacarrier
490 0 _aرسائل إسلامية المعرفة ؛
_v6
650 7 _aالإسلام والتعليم
_2aucsh
650 7 _aالإسلام والإصلاح التعليمي
_2aucsh
942 _2ddc
_cBOOK
_n0
949 _aSA-JeALM
_d251016
_umohamedma123
_n1
999 _c12831
_d12831